| 000 | 01378nam a2200265Ia 4500 | ||
|---|---|---|---|
| 999 |
_c34466 _d34466 |
||
| 001 | 215 | ||
| 003 | GE_BSU | ||
| 005 | 20211004120136.0 | ||
| 008 | 181216s||||||||ge |||||||||||||| ||geo|| | ||
| 040 | _cGE_BSU | ||
| 041 | _ageo | ||
| 080 | _a94(479.9) ა-14 | ||
| 100 |
_aაბდალაძე, ალესანდრე _912577 |
||
| 245 |
_aამიერკავკასიის პოლიტიკურ ერთეულთა ურთიერთობა IX-XI საუკუნეებში _cალესანდრე, აბდალაძე; [რედ.: გ. პაიჭაძე] ; საქ. სსრ მეცნ. აკად., ისტორიის, არქეოლ. და ეთნოგრ. ინ-ტი. |
||
| 264 |
_aთბ. : _bმეცნიერება _c1998. |
||
| 300 |
_a294 გვ. _b 21 სმ. |
||
| 500 | _aსაძიებელი: გვ. 232-293. | ||
| 520 | _aრეზ. რუს. | ||
| 541 | _h12 ლ. | ||
| 653 | _aამიერკავკასიის ისტორია, IX-XI ს.ს. | ||
| 653 | _aისტორია | ||
| 700 |
_aპაიჭაძე, გ. _eრედაქტორი _91628 |
||
| 710 |
_a საქ. სსრ მეცნ. აკად., ისტორიის, არქეოლ. და ეთნოგრ. ინ-ტი. _912578 |
||
| 942 |
_cBK _2udc |
||